000 01170nam a2200265 a 4500
001 74194
003 BD-RjUL
005 20211209082518.0
008 180321s2013 bg ||||| |||| 00| 0 ben d
020 _cTk. 450.00
035 _a(BD-RjUL)74412
040 _aBD-RjUL
_beng
_cBD-RjUL
041 _aben
082 _223
_a181.07092
_bSII 2013
100 1 _aসিরাজী, তারিক জিয়াউর রহমান
_9148096
245 1 0 _aইকবাল কাব্যে মুসলিম মানস ও মানবতা /
_cতারিক জিয়াউর রহমান সিরাজী,
260 _aঢাকা :
_bইসলামিক প্রজাতন্ত্র ইরান ,
_c২০১৩
300 _a২৮৭ +১২ পৃ. ;
_c২২ সেমি.
504 _aগ্রন্নপঞ্জি সংযুক্ত
600 _aইকবাল, মুহাম্মদ - স্যার
_y১৮৭৭-১৯৩৮
_9220710
600 _a Iqbal, Muhammad,- Sir,
_y1877-1938.
_9220711
650 _aইসলামিক দর্শণ
_9220706
650 _aIslamic philosophy.
_9220707
942 _2ddc
_cBK
999 _c74194
_d74194